Economic Development and Industrial Concentration <An> Inverted U-Curve
Guardado en:
| Autor principal: | |
|---|---|
| Formato: | Libro |
| Lenguaje: | inglés |
| Publicado: |
Kiel
Institut für Weltwirtschaft
1996
|
| Colección: | Kiel Working Paper
No. 770 |
| Materias: | |
| Etiquetas: |
Sin Etiquetas, Sea el primero en etiquetar este registro!
|
MARC
| LEADER | 00000nam a2200000 4500 | ||
|---|---|---|---|
| 001 | c019451 | ||
| 005 | 20250521092918.3 | ||
| 041 | 0 | |a eng | |
| 044 | |a DE | ||
| 245 | 1 | 0 | |a Economic Development and Industrial Concentration |b <An> Inverted U-Curve |c Karsten Junius |
| 264 | 1 | |a Kiel |b Institut für Weltwirtschaft |c 1996 | |
| 300 | |a 39 s. | ||
| 490 | 1 | |a Kiel Working Paper |v No. 770 | |
| 830 | 0 | |a Kiel Working Paper |v No. 770 | |
| 610 | 2 | 0 | |a geografia hospodárska |
| 610 | 2 | 0 | |a geografia hospodárska |
| 610 | 2 | 0 | |a aglomerácie priemyselné |
| 610 | 2 | 0 | |a industrializácia |
| 610 | 2 | 0 | |a rast hospodársky |
| 610 | 2 | 0 | |a rozvoj hospodársky |
| 610 | 2 | 0 | |a modely rastu |
| 100 | 1 | |a Junius, Karsten | |